000 01025cam a2200265 a 4500
001 2398
005 20231204114755.0
020 _a9780531259795
040 _aDLC
_cDLC
_beng
050 0 0 _aF3429.B8493
082 0 0 _a985.01
100 1 _aBurgan, Michael
245 1 0 _aAncient Incas /
_cby Michael Burgan
260 _aNew York :
_bScholastic,
_c2013
300 _a112 pages
_bColor illustrations, maps ;
_c24 cm
490 0 _aThe ancient world
505 0 _aZ
520 _aTake a journey back in time to witness the development of history's greatest civilizations! Engaging text and eye-catching images teach you about the history, culture, and daily life of each civilization and show you how each civilization continues to affect our world today!
521 _a1050
_bLexile
521 _aZ
_bRaz-Plus
650 0 _aIncas
_xHistory
_xJuvenile literature.
650 0 _aIncas
_xSocial life and customs
_vJuvenile literature.
906 _a7
_bcbc
_corignew
_d1
_eecip
_f20
_gy-gencatlg
942 _2ddc
_cBK
_n0
999 _c2398
_d2398